Caring for the perioperative patient / (رقم التسجيلة. 22081)

تفاصيل مارك
000 -الفاتح
حقل البيانات ثابتة الطول 01683cam a22003738a 4500
001 - رقم الضبط
رقم الضبط 15991017
003 - محدد رقم الضبط
رقم الضبط OSt
005 - وقت وتاريخ اخر تعامل مع التسجيلة
رقم الضبط 20150408114021.0
008 - عناصر البيانات ثابتة الطول - معلومات عامة
حقل البيانات ثابتة الطول 091119s2010 enk b 001 0 eng
010 ## - رقم ضبط مكتبة الكونجرس
رقم ضبط مكتبة الكونجرس 2009049072
020 ## - الرقم الدولى المعيارى للكتب
الرقم الدولى المعيارى للكتاب 9781405188500 (pbk. : alk. paper)
035 ## - رقم ضبط النظام
رقم ضبط النظام (DNLM)101519786
040 ## - مصدر الفهرسة
وكالة الفهرسة الأصلية DNLM/DLC
وكالة النسخ DLC
042 ## - رمز التحقق
رمز التحقق pcc
050 00 - رقم طلب مكتبة الكونجرس
رقم التصنيف RD32.3
رقم المادة .W53 2010
060 10 - رقم الطلب بالمكتبة الطبية الوطنية
رقم التصنيف WY 161
رقم المادة W636c 2010
082 00 - رقم تصنيف ديوى العشرى
رقم التصنيف 617.917
رقم الطبعة 22
100 1# - المدخل الرئيسى - إسم شخصى
الإسم الشخصى Wicker, Paul.
9 (RLIN) 12182
245 10 - بيان العنوان
العنوان Caring for the perioperative patient /
بيان المسئوليه,etc Paul Wicker and Joy O'Neill.
250 ## - بيان الطبعة
بيان الطبعة 2nd ed.
260 ## - PUBLICATION, DISTRIBUTION, ETC. (IMPRINT)
مكان الناشر او الموزع Chichester, UK ;
-- Ames, Iowa :
اسم الناشر او الموزع Blackwell,
تاريخ النشر أو التوزيع 2010.
263 ## - تاريخ النشر المتوقع
تاريخ النشر المتوقع 1007
300 ## - الوصف المادى
التعداد p. ;
أبعاد الوعاء cm.
504 ## - تبصرة ببليوجرافية
تبصرة ببليوجرافية,الخ Includes bibliographical references and index.
505 0# - تبصرة محتويات-الفهرس
تبصرة المحتويات المصاغة Perioperative homeostasis / Paul Wicker -- Managing perioperative equipment / Joy O'Neill -- Perioperative pharmacology / Paul Wicker and Africa Bocos -- Perioperative communication / Joy O'Neill -- Managing perioperative risks / Joy O'Neill -- A route to enhanced competence in perioperative care / Paul Wicker and Jill Ferbrache -- Preoperative preparation of perioperative patients / Paul Wicker -- Patient care during anaesthesia / Joy O'Neill -- Patient care during surgery / Paul Wicker and Adele Nightingale -- Patient care during recovery / Paul Wicker and Felicia Cox.
650 #0 - المدخل الاضافى بالموضوع-مصطلح موضوعى
مصطلح موضوعي أو اسم جغرافي كعنصر مدخل Operating room nursing.
9 (RLIN) 12183
650 #0 - المدخل الاضافى بالموضوع-مصطلح موضوعى
مصطلح موضوعي أو اسم جغرافي كعنصر مدخل Preoperative care.
9 (RLIN) 12184
650 #0 - المدخل الاضافى بالموضوع-مصطلح موضوعى
مصطلح موضوعي أو اسم جغرافي كعنصر مدخل Postoperative care.
9 (RLIN) 12185
650 12 - المدخل الاضافى بالموضوع-مصطلح موضوعى
مصطلح موضوعي أو اسم جغرافي كعنصر مدخل Perioperative Care
التقسيم الفرعي العام nursing.
9 (RLIN) 12186
650 22 - المدخل الاضافى بالموضوع-مصطلح موضوعى
مصطلح موضوعي أو اسم جغرافي كعنصر مدخل Perioperative Nursing
التقسيم الفرعي العام methods.
9 (RLIN) 10189
700 1# - المدخل الاضافى - اسم شخصى
الإسم الشخصى O'Neill, Joy.
9 (RLIN) 12187
942 ## - عناصر المدخل الإضافي( كوها)
مصدر التصنيف او مخطط الترفيف Dewey Decimal Classification
Koha [default] item type كتاب
المقتنيات
حالة الفقد نموذج السعر الفعال حالة تلف ليس للاعارة رقم الطلب تاريخ الاكتساب الموقع الحالي الباركود الفرع الرئيسي Date last seen نوع المادة فى نظام كوها مصدر التصنيف او خطة الترفيف Total Checkouts
  2013-03-10     617.917 W P C 2012-04-29 المكتبة المركزية بالمجمعة (CL) 00085503 المكتبة المركزية بالمجمعة (CL) 2013-03-10 كتاب Dewey Decimal Classification  
  2013-03-10     617.917 W P C 2012-04-29 المكتبة المركزية بالمجمعة (CL) 00085502 المكتبة المركزية بالمجمعة (CL) 2013-03-10 كتاب Dewey Decimal Classification  
  2013-03-10     617.917 W P C 2012-05-17 مكتبة كلية العلوم الطبية التطبيقية بالمجمعة - طالبات (AMF) 00087446 مكتبة كلية العلوم الطبية التطبيقية بالمجمعة - طالبات (AMF) 2013-03-10 كتاب Dewey Decimal Classification  
  2013-03-10     617.917 W P C 2012-05-17 مكتبة كلية العلوم الطبية التطبيقية بالمجمعة - طالبات (AMF) 00087447 مكتبة كلية العلوم الطبية التطبيقية بالمجمعة - طالبات (AMF) 2013-03-10 كتاب Dewey Decimal Classification